000
00279nam a2200121Ia 4500
008
190216s9999||||xx |||||||||||||| ||und||
100
_a
Rajasekharan C P
245
0
_a
Rajaneemukham
260
_b
Current Books
_c
1998
300
_a
163p
650
_a
Malayalam Novel
942
_c
BK
999
_c
27363
_d
27363